| 000 | 00998 a2200217 4500 | ||
|---|---|---|---|
| 001 | 22360 | ||
| 005 | 20260407155513.0 | ||
| 008 | 260407a1980 arg spa d | ||
| 003 | AR-UNSa-BCEJYS | ||
| 040 |
_aAR-UNSa-BCEJYS _bspa _cAR-UNSa-BCEJYS |
||
| 080 |
_a658:631.1 _xAdministración de empresas agropecuarias(maquinarias, etc.) |
||
| 245 | 1 | 0 |
_aLa empresa agropecuaria _peconomia, administración, contabilidad, costos , impuestos. |
| 264 | 1 |
_aBuenos Aires : _bEdiciones Macchi _c1980 |
|
| 300 |
_a400 p. _c22 cm. |
||
| 505 | _aParte I: 1. La empresa agropecuaria - 2. Diversas modalidades y actividades de empresas agropecuarias - Parte II: 3. Organización estructural y administración - Parte IV: 4. Contabilidad de gestión agropecuaria - 5.Esquemas de formación de costos agropecuarios - 6. Impuestos que gravan al sector agropecuario. | ||
| 041 | _aspa | ||
| 942 | _cBK | ||
| 590 | _aniveau_biblio:m niveau_hierar:0 | ||
| 100 | 1 | _aMaino, Gerardo H. | |
| 700 | 1 | _aMartinez, Luis Alberto | |
| 999 |
_c980 _d980 |
||